Les films de Brian De Palma en images. - Statistiques

Statistiques générales
  • Ce quiz a été pris 24 fois
  • Le résultat moyen est 5 sur 16
Statistiques - réponses
Par images Réponse % Correct
Mission impossible
91%
Scarface
91%
Les incorruptibles
74%
Blow Out
43%
Carrie au bal du diable
35%
Phantom of the Paradise
35%
Snake Eyes
30%
L'Impasse
26%
Obsession
17%
Outrages
17%
Pulsions
17%
Body Double
13%
Hi, Mom!
13%
Le Bûcher des vanités
9%
Le Dahlia noir
9%
Sœurs de sang
9%
Aucun quiz correspondant
Distribution des résultats
% des personnes avec chaque résultat
Percentile par nombre de réponses
Votre historique - résultats
Vous n’avez pas pris ce quiz